000 01738nam0a2200325 4500
001 RU\NLR\BIBL_A\016298663
005 20230428125457.0
010 _a978-5-9227-1191-3
_9100
021 _aRU
_bКН-П-23-002325
_9КН-П-23-0218
035 _a(NLR Aleph) 016298663
035 _a(RuMoRGB)011533974
090 _a12966851
_c12966851
100 _a20230228d2022 u y0rusy50 ca
101 0 _arus
102 _aRU
105 _aa j 000zy
181 0 _ai3
_baxxe
182 0 _an
200 1 _aПланировка сельских населенных пунктов
_eучебное пособие
_eдля студентов очной и заочной форм обучения по направлению подготовки "Градостроительство" (бакалавриат и магистратура)
_fС. Д. Митягин
_gМинистерство науки и высшего образования Российской Федерации, Санкт-Петербургский государственный архитектурно-строительный университет
203 _aТекст
_bвизуальный
_cнепосредственный
210 _aСанкт-Петербург
_cПбГАСУ
_d2022
215 _a106, [1] с.
_cил.
_d20
320 _aБиблиогр.: с. 95 (6 назв.)
606 1 _aСельские местности
_jУчебные издания
_xПланировка и строительство
_91621288
_3RU\NLR\AUTH\661013596
686 1 _aЩ118.15 я7
700 1 _aМитягин
_bС. Д.
_gСергей Дмитриевич
942 _cBOOK
980 _aNB